[Event "Tch (Men) 2005/2006 CZE"]
[Site "?"]
[Date "2006.03.26"]
[Round "11"]
[White "Laznicka Viktor"]
[Black "Zezulkin Jurij"]
[Result "1/2-1/2"]
[WhiteElo "2525"]
[BlackElo "2479"]
[PlyCount "48"]
[EventDate "2006.??.??"]
[Source "www.chesslib.no"]
[SourceDate "2004.05.04"]

1. d4 d5 2. c4 Nf6 3. cxd5 g6 4. Qa4+ c6 5. dxc6 Nxc6 6. Nf3 Bg7 7. e3 O-O 8. Be2 a6 9. O-O Bf5 10. Nc3 b5 11. Qd1 Rc8 12. Bd2 Qd6 13. a3 Rfd8 14. Na2 Ne4 15. Bb4 Qb8 16. Nh4 Be6 17. Nc3 Nxb4 18. Nxe4 Nc2 19. Rc1 Nxd4 20. exd4 Qf4 21. Nc5 Qxh4 22. Nxe6 Rxc1 23. Qxc1 fxe6 24. Qc7 Rf8 1/2-1/2

[Event "E0213, DESC"]
[Site "?"]
[Date "1999.??.??"]
[Round "?"]
[White "Riepe, Bernhard"]
[Black "Nittschalk, Karl"]
[Result "1-0"]
[WhiteElo "2480"]
[BlackElo "2515"]
[PlyCount "63"]
[EventDate "1999.??.??"]
[Source "www.chesslib.no"]
[SourceDate "2004.05.04"]

1. d4 d5 2. c4 Nf6 3. cxd5 Nxd5 4. Nf3 Nc6 5. e4 Nf6 6. d5 Nb8 7. Qa4+ c6 8. Ne5 b5 9. Qb3 a6 10. dxc6 e6 11. Qc3 Bd6 12. Ng4 O-O 13. e5 Nd5 14. Qh3 Bb4+ 15. Nd2 Nxc6 16. Bd3 g6 17. Be4 f5 18. exf6 e5 19. f7+ Kh8 20. Bxg6 Nf6 21. f3 e4 22. a3 Nd4 23. axb4 Nc2+ 24. Kd1 Bxg4 25. fxg4 Nxa1 26. Rf1 Kg7 27. g5 Kxg6 28. Rxf6+ Qxf6 29. gxf6 Rad8 30. b3 Rxf7 31. Qg4+ Kh6 32. Ke2 1-0

[Event "Corr"]
[Site "?"]
[Date "2001.09.30"]
[Round "?"]
[White "Pietrobono Alfredo Manuel (AR"]
[Black "Del Gobbo Dr.Michel (FRA)"]
[Result "1-0"]
[WhiteElo "2493"]
[BlackElo "2477"]
[PlyCount "37"]
[EventDate "2001.??.??"]
[Source "www.chesslib.no"]
[SourceDate "2004.05.04"]

1. d4 d5 2. c4 Nf6 3. cxd5 Nxd5 4. Nf3 e6 5. e4 Nf6 6. Nc3 Bb4 7. Bd3 h6 8. O-O O-O 9. Bc2 Nc6 10. a3 Ba5 11. e5 Ne8 12. Qd3 f5 13. exf6 Nxf6 14. Bxh6 Qe8 15. Bd2 Qh5 16. b4 Bb6 17. b5 Ne7 18. Na4 Ba5 19. Bxa5 1-0

[Event "V0012, DESC"]
[Site "?"]
[Date "1999.??.??"]
[Round "?"]
[White "Riepe, Bernhard"]
[Black "Rosek, Holger"]
[Result "1/2-1/2"]
[WhiteElo "2480"]
[BlackElo "2480"]
[PlyCount "45"]
[EventDate "1999.??.??"]
[Source "www.chesslib.no"]
[SourceDate "2004.05.04"]

1. d4 d5 2. c4 Nf6 3. Nc3 dxc4 4. e3 Be6 5. Nf3 Nc6 6. Qa4 a6 7. Ne5 Bd7 8. Qxc4 e6 9. e4 Bb4 10. Bg5 O-O 11. Nxc6 Bxc3+ 12. Qxc3 Bxc6 13. e5 Qd5 14. Bxf6 gxf6 15. exf6 Kh8 16. Rg1 Qe4+ 17. Qe3 Rfe8 18. Bd3 Qxe3+ 19. fxe3 e5 20. Kd2 Rad8 21. Kc3 Rd6 22. Raf1 Ree6 23. g4 1/2-1/2

[Event "RUS-Cup9"]
[Site "Novgorod"]
[Date "1997.06.11"]
[Round "1"]
[White "Sherbakov, Ruslan"]
[Black "Skatchkov, Pavel"]
[Result "1-0"]
[WhiteElo "2580"]
[BlackElo "2370"]
[PlyCount "77"]
[EventDate "1997.06.11"]
[Source "ChessBase"]
[SourceDate "1997.10.13"]

1. d4 d5 2. c4 Nf6 3. cxd5 Nxd5 4. e4 Nf6 5. e5 Nd5 6. Bc4 e6 7. Nf3 Be7 8. O-O O-O 9. Qe2 b6 10. Nbd2 Bb7 11. Ne4 Nd7 12. Rd1 Re8 13. a3 Rc8 14. Bb5 Rf8 15. Bd3 c5 16. dxc5 Nxc5 17. Nxc5 Rxc5 18. Qe4 g6 19. Bh6 Re8 20. h4 Bf8 21. Bxf8 Rxf8 22. Qg4 f5 23. Qg3 Qe7 24. Rd2 Kg7 25. Rad1 a6 26. Nd4 b5 27. Be2 Rd8 28. Bf3 Kf7 29. Ne2 Rc7 30. h5 g5 31. h6 Rcd7 32. Qh2 Kf8 33. Qh5 g4 34. Bxd5 Rxd5 35. Rxd5 Bxd5 36. Nf4 Qf7 37. Qg5 Rd7 38. Nh5 Rc7 39. Qd8+ 1-0

[Event "RUS-Cup8"]
[Site "Smolensk"]
[Date "1997.??.??"]
[Round "1"]
[White "Tregubov, Pavel V"]
[Black "Skatchkov, Pavel"]
[Result "0-1"]
[WhiteElo "2525"]
[BlackElo "2370"]
[PlyCount "84"]
[EventDate "1997.06.13"]
[Source "ChessBase"]
[SourceDate "1997.07.29"]

1. d4 d5 2. c4 Nf6 3. cxd5 Nxd5 4. e4 Nf6 5. e5 Nd5 6. Nf3 e6 7. Bg5 Be7 8. Bxe7 Qxe7 9. Nc3 O-O 10. Bd3 Rd8 11. O-O Nd7 12. Rc1 Nf8 13. Qb3 b6 14. Nxd5 exd5 15. Qc2 Bg4 16. Ne1 c5 17. h3 Bh5 18. f4 c4 19. Be2 Bxe2 20. Qxe2 f5 21. g4 Ne6 22. Nc2 Rf8 23. Rcd1 Qh4 24. Qf3 fxg4 25. Qxd5 Qg3+ 26. Qg2 Qxg2+ 27. Kxg2 gxh3+ 28. Kg3 h2 29. d5 h1=Q 30. Rxh1 Nxf4 31. Rhf1 g5 32. Kg4 Nd3 33. e6 Nf2+ 34. Kxg5 Nxd1 35. Rxd1 Rf2 36. Nd4 Kh8 37. Nf5 Rf8 38. Nh6 R8f6 39. Ng4 Rg6+ 40. Kh4 Rf4 41. e7 Rgxg4+ 42. Kh3 Rg8 0-1

[Event "Zuerich sim"]
[Site "Zurich SUI"]
[Date "1988.??.??"]
[Round "?"]
[White "Portisch, Lajos"]
[Black "Ammann, Philipp"]
[Result "1-0"]
[WhiteElo "2610"]
[BlackElo "2280"]
[PlyCount "123"]
[EventDate "1988.??.??"]
[Source "www.chesslib.no"]
[SourceDate "2004.05.04"]

1. d4 d5 2. c4 Nf6 3. Nc3 Bf5 4. cxd5 e6 5. dxe6 Bxe6 6. e4 c6 7. Nf3 Nbd7 8. Bg5 Qa5 9. Bd2 Qd8 10. Be2 Nb6 11. O-O Qc7 12. Rc1 Qd8 13. Bg5 Be7 14. e5 Nfd5 15. Bxe7 Nxe7 16. Ne4 O-O 17. Nc5 Qc7 18. Nxe6 fxe6 19. Ng5 Qd7 20. Qd3 g6 21. Rfd1 Nbd5 22. g3 Nf5 23. Bg4 Ng7 24. f4 Nf5 25. Bxf5 gxf5 26. Nf3 Qg7 27. Kh1 Kh8 28. Rg1 Rg8 29. Ng5 Qg6 30. Qf3 h6 31. Nh3 Qg4 32. Qxg4 Rxg4 33. Nf2 Rg6 34. Nd3 Rag8 35. Nc5 R8g7 36. a3 Kh7 37. Rge1 Kh8 38. b4 a6 39. Rf1 Kh7 40. Kg1 h5 41. Kf2 Re7 42. Kf3 Kg8 43. Nd3 Nc7 44. a4 Nd5 45. Rb1 b6 46. Rfc1 Rc7 47. b5 axb5 48. axb5 cxb5 49. Rxc7 Nxc7 50. Nb4 Rg7 51. Rc1 Rd7 52. Ke3 Kf7 53. Rc6 Nd5+ 54. Nxd5 Rxd5 55. Rxb6 Ke7 56. Rb7+ Kd8 57. Kd3 Kc8 58. Re7 Rd7 59. Rxe6 Kb7 60. Rf6 Rc7 61. e6 b4 62. Rf7 1-0

[Event "Lasker Autumn IM, Bucharest ROM"]
[Site "?"]
[Date "2001.??.??"]
[Round "9"]
[White "Jianu, V."]
[Black "Nanu, C."]
[Result "1/2-1/2"]
[WhiteElo "2395"]
[BlackElo "2410"]
[PlyCount "21"]
[EventDate "2001.??.??"]
[Source "www.chesslib.no"]
[SourceDate "2004.05.04"]

1. d4 d5 2. c4 Nf6 3. Nc3 dxc4 4. e4 e6 5. Bxc4 c6 6. Nge2 Be7 7. O-O O-O 8. h3 b5 9. Bd3 a6 10. Be3 Nbd7 11. Qc2 1/2-1/2

[Event "otb"]
[Site "otb"]
[Date "2007.03.09"]
[Round "9"]
[White "Bunzmann Dimitrij"]
[Black "Schwaninger Wolfgang"]
[Result "1-0"]
[WhiteElo "2530"]
[BlackElo "2210"]
[PlyCount "75"]
[Source "www.chesslib.no"]
[SourceDate "2004.05.04"]

1. d4 d5 2. c4 Nf6 3. cxd5 Nxd5 4. e4 Nf6 5. Nc3 e6 6. Nf3 a6 7. Be2 c5 8. O-O cxd4 9. Nxd4 Bc5 10. Be3 Bxd4 11. Bxd4 Nc6 12. Bc5 Qxd1 13. Raxd1 Bd7 14. f4 Ne7 15. Bf3 Bc6 16. Rfe1 Nd7 17. Ba3 Nb6 18. Bxe7 Kxe7 19. Nd5+ Bxd5 20. exd5 Rhd8 21. dxe6 Rxd1 22. Bxd1 f5 23. Bf3 Rb8 24. b3 Na8 25. g4 g6 26. gxf5 gxf5 27. Re5 Nc7 28. Rxf5 Nxe6 29. Rh5 Nf8 30. Rh6 b6 31. Be4 Kf7 32. Kf2 Kg7 33. Rc6 Re8 34. Bf5 Rd8 35. Ke3 Rd5 36. Bd3 Ra5 37. a4 b5 38. Rc5 1-0

[Event "Suetin mem"]
[Site "Tula"]
[Date "2002.03.25"]
[Round "3"]
[White "Selin, Oleg"]
[Black "Pechenov, Viacheslav"]
[Result "0-1"]
[WhiteElo "2440"]
[BlackElo "2279"]
[PlyCount "36"]
[EventDate "2002.03.23"]
[Source "ChessBase"]
[SourceDate "2002.05.03"]

1. d4 d5 2. c4 Nf6 3. Nf3 Bf5 4. Qb3 dxc4 5. Qxb7 Nbd7 6. Nc3 e6 7. Qc6 Rb8 8. Qxc4 Rb4 9. Qc6 Be7 10. a3 Rb6 11. Qa4 Qb8 12. b4 O-O 13. e4 Bg4 14. e5 Nd5 15. Nxd5 exd5 16. h3 Bf5 17. Bb5 Rxb5 18. O-O c6 0-1

[Event "HUN-chT2 9596"]
[Site "HUN"]
[Date "1995.??.??"]
[Round "5"]
[White "Horvath, Csaba"]
[Black "Palasti, Ferenc"]
[Result "1-0"]
[WhiteElo "2500"]
[BlackElo "2205"]
[PlyCount "85"]
[EventDate "1995.??.??"]
[Source "www.chesslib.no"]
[SourceDate "2004.05.04"]

1. d4 d5 2. c4 Nf6 3. cxd5 Qxd5 4. Nc3 Qa5 5. Nf3 c6 6. Ne5 Nbd7 7. Nc4 Qf5 8. f3 e5 9. e4 Qh5 10. Be3 exd4 11. Qxd4 Bc5 12. Nd6+ Ke7 13. Nf5+ Qxf5 14. exf5 Bxd4 15. Bxd4 Re8 16. O-O-O Kf8 17. g4 h6 18. h4 b5 19. g5 Ng8 20. Ne4 f6 21. Bg2 Ne7 22. Nd6 Rd8 23. f4 Ba6 24. Rhe1 Nd5 25. Bxd5 cxd5 26. Re6 Bc8 27. Rde1 Ne5 28. fxe5 Bxe6 29. fxe6 fxg5 30. hxg5 hxg5 31. Bc5 Ke7 32. Nxb5+ Kxe6 33. Nc7+ Kd7 34. Nxa8 Rxa8 35. e6+ Kc6 36. e7 Re8 37. Bxa7 g4 38. b4 g3 39. Bc5 Kd7 40. Rg1 g5 41. Rxg3 Rg8 42. Rg4 Ke8 43. Rd4 1-0

[Event "Campionato europeo 2007"]
[Site "Dresda GER"]
[Date "2007.04.09"]
[Round "7.156"]
[White "Bakker, Sven"]
[Black "Gutman, Lev"]
[Result "0-1"]
[WhiteElo "2253"]
[BlackElo "2444"]
[PlyCount "54"]
[EventDate "2007.04.03"]
[Source "www.chesslib.no"]
[SourceDate "2004.05.04"]

1. d4 d5 2. c4 Nf6 3. cxd5 g6 4. f3 Nxd5 5. e4 Nb6 6. Nc3 Bg7 7. Be3 Nc6 8. Bb5 O-O 9. Nge2 Na5 10. b3 e5 11. dxe5 Qh4+ 12. g3 Qe7 13. f4 Bh3 14. Qc2 Rfd8 15. Kf2 a6 16. Bd3 Nc6 17. Bc4 Nb4 18. Qb1 Nxc4 19. bxc4 Nd3+ 20. Kg1 Qe6 21. Nd5 Qg4 22. Nd4 Nxe5 23. fxe5 Bxe5 24. Qd3 c6 25. Nb6 Bxg3 26. Qe2 Bf4+ 27. Qxg4 Bxe3# 0-1

[Event "ESP Team Ch"]
[Site "Cala Galdana ESP"]
[Date "1994.??.??"]
[Round "?"]
[White "Pons Sastre, Santiago"]
[Black "Toledano Llinares, Juan A"]
[Result "1/2-1/2"]
[WhiteElo "2305"]
[BlackElo "2380"]
[PlyCount "126"]
[EventDate "1994.??.??"]
[Source "www.chesslib.no"]
[SourceDate "2004.05.04"]

1. d4 d5 2. c4 Nf6 3. cxd5 Nxd5 4. e4 Nf6 5. Nc3 e5 6. Nf3 exd4 7. Qxd4 Qxd4 8. Nxd4 Bb4 9. f3 c6 10. Be2 O-O 11. O-O Re8 12. Bg5 Nbd7 13. Rfd1 h6 14. Bh4 Nh5 15. Rac1 Nf4 16. Bf1 Ne5 17. Na4 g5 18. Bg3 Rd8 19. Ne2 Be6 20. Nxf4 gxf4 21. Bxf4 Ng6 22. Bxh6 Bxa2 23. Rxd8+ Rxd8 24. Nc5 Bxc5+ 25. Rxc5 Rd1 26. Kf2 Rb1 27. Bc1 f6 28. Bd3 Ra1 29. Be3 Ne5 30. Be2 Be6 31. Rc2 a5 32. Bd4 Rb1 33. f4 Nd7 34. g4 Bb3 35. Rc3 a4 36. Bc4+ Bxc4 37. Rxc4 c5 38. Bxc5 Rxb2+ 39. Ke3 b5 40. Bd4 Nb6 41. Rc8+ Nxc8 42. Bxb2 b4 43. Bxf6 a3 44. Kd3 b3 45. Kc3 b2 46. Kc2 Kf7 47. Bxb2 axb2 48. Kxb2 Nd6 49. e5 Ne4 50. f5 Nf2 51. e6+ Ke7 52. g5 Nh3 53. g6 Kf6 54. Kc3 Nf2 55. Kd4 Ng4 56. g7 Kxg7 57. h3 Nf6 58. Ke5 Ng8 59. h4 Nf6 60. Kd6 Ng8 61. Ke5 Nf6 62. Kf4 Kh6 63. Ke5 Kg7 1/2-1/2

[Event "Ch Chess Club"]
[Site "Tula (Russia)"]
[Date "2007.12.08"]
[Round "1"]
[White "Khanov Vjacheslav (RUS)"]
[Black "Chebotarev Oleg (RUS)"]
[Result "1-0"]
[WhiteElo "2168"]
[BlackElo "2512"]
[PlyCount "43"]
[EventDate "2007.??.??"]
[Source "www.chesslib.no"]
[SourceDate "2004.05.04"]

1. d4 d5 2. c4 Nf6 3. cxd5 Nxd5 4. e4 Nb6 5. Nc3 Nc6 6. Be3 e5 7. d5 Ne7 8. Be2 Ng6 9. Nf3 Bd6 10. O-O O-O 11. b3 Nh4 12. Qd2 a6 13. Nxh4 Be7 14. Nf3 f5 15. Bg5 f4 16. Bxe7 Qxe7 17. Rfd1 Rf6 18. Na4 Nd7 19. Qc3 b5 20. Nb2 Nb6 21. Qxe5 Qf7 22. Rac1 1-0

[Event "Santiago zt"]
[Site "Santiago CHI"]
[Date "1987.??.??"]
[Round "3"]
[White "Duarte, Marcelo R"]
[Black "Berrocal, Jorge"]
[Result "1/2-1/2"]
[WhiteElo "2350"]
[BlackElo "2320"]
[PlyCount "184"]
[EventDate "1987.03.??"]
[Source "www.chesslib.no"]
[SourceDate "2004.05.04"]

1. d4 d5 2. c4 Nf6 3. cxd5 g6 4. Qa4+ c6 5. dxc6 Nxc6 6. e3 Bg7 7. Nf3 O-O 8. Be2 Nd5 9. Nc3 e5 10. dxe5 Nxc3 11. bxc3 Nxe5 12. O-O Bd7 13. Qf4 Qc7 14. Ba3 Rfe8 15. Ng5 Bc6 16. Rfd1 h6 17. Ne4 Bxe4 18. Qxe4 Qxc3 19. Qa4 Red8 20. Rdc1 Qd2 21. Rc2 Qd5 22. Rac1 a6 23. h3 b5 24. Qa5 Qe6 25. Bb2 Nd3 26. Bxd3 Bxb2 27. Rxb2 Rxd3 28. Rxb5 Rxe3 29. Rb6 Re5 30. Qb4 Qxa2 31. Rcc6 Rae8 32. Qh4 Qd2 33. Qc4 Kg7 34. Rf6 R8e7 35. Rxa6 Qd1+ 36. Kh2 Re1 37. Qc3 Kg8 38. Ra8+ Re8 39. Rxe8+ Rxe8 40. Qc4 Re6 41. Rxe6 fxe6 42. Qxe6+ Kg7 43. Qe7+ Kg8 44. Qe6+ Kg7 45. Qe7+ Kg8 46. Qf6 Qd3 47. g4 Qe4 48. Kg3 Qd3+ 49. Kg2 Qe4+ 50. Qf3 Qe5 51. h4 Kg7 52. Qb7+ Kg8 53. Qa8+ Kg7 54. Qa7+ Kg8 55. Qe3 Qd5+ 56. f3 Kg7 57. Qe7+ Kg8 58. Qe4 Qd2+ 59. Kh3 Kg7 60. h5 gxh5 61. Qe5+ Kh7 62. Qe7+ Kg6 63. Qe6+ Kg7 64. gxh5 Qc1 65. Qe7+ Kg8 66. Kg4 Qc2 67. Qe6+ Kg7 68. Qe5+ Kg8 69. f4 Qd1+ 70. Kg3 Qg1+ 71. Kf3 Qh1+ 72. Ke3 Qb1 73. Kd4 Kf7 74. Qd5+ Kf6 75. Qd6+ Kf7 76. Qc7+ Kf6 77. Qc6+ Kf7 78. Qc4+ Kf6 79. Qc6+ Kf7 80. Qc7+ Kf6 81. Qe5+ Kf7 82. Qd5+ Kf6 83. Qd6+ Kf7 84. Qc7+ Kf6 85. Qc6+ Kf7 86. Qc4+ Kf6 87. Qa6+ Kf7 88. Qa7+ Kf6 89. Qa6+ Kf7 90. Qa7+ Kf6 91. Qa6+ Kf7 92. Qc4+ Kf6 1/2-1/2

[Event "Corr"]
[Site "?"]
[Date "2000.07.20"]
[Round "?"]
[White "Ostriker John (USA)"]
[Black "Moreira Jose Americo Paiva"]
[Result "1-0"]
[WhiteElo "2277"]
[BlackElo "2341"]
[PlyCount "67"]
[EventDate "2000.??.??"]
[Source "www.chesslib.no"]
[SourceDate "2004.05.04"]

1. d4 d5 2. c4 Nf6 3. cxd5 Qxd5 4. Nc3 Qa5 5. Nf3 c5 6. e3 cxd4 7. exd4 e6 8. Bc4 Be7 9. O-O O-O 10. Bd2 Qc7 11. Qe2 Nc6 12. Rac1 Rd8 13. Rfd1 Qb6 14. Bg5 h6 15. Bf4 Na5 16. Bd3 Nc6 17. a3 Bd7 18. b4 Rdc8 19. Bc4 Nd8 20. d5 Ng4 21. d6 Bf8 22. Ne4 Ba4 23. Re1 Bc6 24. Nfd2 f5 25. Nc5 Bd5 26. Bxd5 exd5 27. Qd3 Nf7 28. d7 Rxc5 29. bxc5 Qc6 30. Qxf5 Nf6 31. Re6 Qa4 32. Rxf6 gxf6 33. c6 bxc6 34. Qg6+ 1-0

[Event "POR-chB"]
[Site "Portugal"]
[Date "1993.??.??"]
[Round "5"]
[White "Amaral, Nuno"]
[Black "Santos, Jose P"]
[Result "1-0"]
[WhiteElo "2245"]
[BlackElo "2355"]
[PlyCount "119"]
[EventDate "1993.??.??"]
[Source "www.chesslib.no"]
[SourceDate "2004.05.04"]

1. d4 d5 2. c4 Nf6 3. cxd5 Nxd5 4. e4 Nf6 5. Nc3 e6 6. Nf3 Be7 7. Bd3 O-O 8. O-O Nc6 9. Re1 Nb4 10. Bb1 c5 11. e5 Nfd5 12. Nxd5 Qxd5 13. a3 Na6 14. Be4 Qd8 15. Qc2 h6 16. Be3 cxd4 17. Bxd4 Nc7 18. Red1 Nd5 19. Bc5 b6 20. Bxe7 Qxe7 21. Rd4 Bb7 22. Rad1 Rac8 23. Qd2 Rc7 24. Bb1 f5 25. exf6 Qxf6 26. Qd3 g5 27. Qg6+ Qxg6 28. Bxg6 Nf4 29. Rd7 Rxd7 30. Rxd7 Bxf3 31. Bh7+ Kh8 32. gxf3 Rc8 33. h4 gxh4 34. Be4 Rc1+ 35. Kh2 Rf1 36. Rh7+ Kg8 37. Rxh6 Rxf2+ 38. Kg1 Rg2+ 39. Kh1 h3 40. Rxh3 Rxb2 41. Rh4 e5 42. Rh7 a5 43. Re7 Rb5 44. a4 Kf8 45. Rb7 Rb2 46. Bc6 Ne2 47. Bb5 Nd4 48. Rxb6 Nxf3 49. Rf6+ Ke7 50. Rxf3 Kd6 51. Rf6+ Kc5 52. Rc6+ Kd4 53. Ra6 e4 54. Kg1 Rb1+ 55. Kf2 e3+ 56. Kf3 Rb2 57. Rd6+ Kc5 58. Rc6+ Kd5 59. Kxe3 Rb4 60. Ra6 1-0

[Event "URS Spartakiad"]
[Site "URS"]
[Date "1979.??.??"]
[Round "?"]
[White "Agzamov, Georgy"]
[Black "Samaganov, B."]
[Result "1-0"]
[WhiteElo "2390"]
[BlackElo "2200"]
[PlyCount "55"]
[EventDate "1979.??.??"]
[Source "ChessBase"]

1. d4 d5 2. c4 Nf6 3. cxd5 Nxd5 4. Nf3 e6 5. g3 Be7 6. Bg2 O-O 7. O-O Nd7 8. e4 N5b6 9. a4 a5 10. Qe2 Re8 11. Rd1 Nb8 12. Nc3 Bd7 13. Bf4 Na6 14. h4 Rf8 15. Ne5 Be8 16. Bh3 Bd6 17. Nb5 Qe7 18. b3 Bxb5 19. Qxb5 Nb4 20. Rac1 f6 21. Nd3 Bxf4 22. Nxf4 e5 23. Ne6 Rfc8 24. dxe5 fxe5 25. Qxe5 Nc6 26. Qc5 Qxc5 27. Nxc5 Rcb8 28. Nxb7 1-0

[Event "COOP tt"]
[Site "Buenos Aires ARG"]
[Date "1992.??.??"]
[Round "6"]
[White "Minzer, Claudio Javier"]
[Black "Dotta, Juan Carlos"]
[Result "1-0"]
[WhiteElo "2290"]
[BlackElo "2280"]
[PlyCount "81"]
[EventDate "1992.??.??"]
[Source "www.chesslib.no"]
[SourceDate "2004.05.04"]

1. d4 d5 2. c4 Nf6 3. cxd5 Nxd5 4. e4 Nf6 5. Nc3 e6 6. Nf3 Be7 7. Bd3 c5 8. dxc5 Bxc5 9. O-O Nc6 10. Bg5 h6 11. Bxf6 gxf6 12. Rc1 a6 13. Qe2 Qe7 14. Rfe1 Ne5 15. Nxe5 fxe5 16. Qh5 Qf6 17. Rc2 Bd4 18. Nd1 Rg8 19. Ne3 Rg5 20. Qe2 Bd7 21. Kh1 Bc6 22. Rf1 Ke7 23. f3 h5 24. b4 Rag8 25. Re1 Qg6 26. f4 exf4 27. Nf5+ Rxf5 28. exf5 Qxg2+ 29. Qxg2 f3 30. Be4 Bxe4 31. Rxe4 fxg2+ 32. Rxg2 Rxg2 33. Kxg2 e5 34. Rh4 Bc3 35. b5 axb5 36. Kf3 Kf6 37. Rxh5 Bd4 38. Ke4 b4 39. Rh7 Bc3 40. Rh6+ Kg7 41. Rb6 1-0

[Event "Corr"]
[Site "?"]
[Date "2000.07.20"]
[Round "?"]
[White "Pitkanen Juhani (FIN)"]
[Black "Moreira Jose Americo Paiva"]
[Result "1/2-1/2"]
[WhiteElo "2227"]
[BlackElo "2341"]
[PlyCount "25"]
[EventDate "2000.??.??"]
[Source "www.chesslib.no"]
[SourceDate "2004.05.04"]

1. d4 d5 2. c4 Nf6 3. cxd5 Qxd5 4. Nc3 Qa5 5. Bd2 e5 6. e4 Qb6 7. dxe5 Ng4 8. Qf3 Be6 9. Qg3 h5 10. Nh3 h4 11. Qd3 Nc6 12. Qb5 Bc5 13. Qxb6 1/2-1/2

[Event "Dreifluesse op"]
[Site "Passau"]
[Date "1998.04.12"]
[Round "6"]
[White "Kaiser, Wolfgang"]
[Black "Todor, Razvan"]
[Result "1-0"]
[WhiteElo "2400"]
[BlackElo "2160"]
[PlyCount "75"]
[EventDate "1998.04.10"]
[Source "www.chesslib.no"]
[SourceDate "2004.05.04"]

1. d4 d5 2. c4 Nf6 3. cxd5 Nxd5 4. Nf3 g6 5. e4 Nb6 6. h3 Bg7 7. Nc3 O-O 8. Be3 Nc6 9. Qd2 Na5 10. b3 c6 11. Be2 Be6 12. Rb1 f6 13. O-O Bf7 14. Rfd1 Rc8 15. Qe1 Nd7 16. Bd2 b6 17. Ba6 Rb8 18. d5 Qc7 19. b4 Nb7 20. dxc6 Qxc6 21. Bb5 Qc7 22. Nd5 Bxd5 23. exd5 Qd6 24. Rbc1 Nd8 25. Bc3 Kh8 26. Ba1 Kg8 27. Rc6 Qf4 28. Nd4 Ne5 29. Rc3 Rb7 30. Qe3 Qxe3 31. Rxe3 Rc7 32. Rc3 Rxc3 33. Bxc3 f5 34. Ba1 Bf6 35. f4 Nef7 36. Nc6 Nxc6 37. Bxf6 Nxb4 38. Bxe7 1-0

[Event "9. Open"]
[Site "?"]
[Date "2003.01.05"]
[Round "4"]
[White "Jovanic Ognjen"]
[Black "Kitarovic Mihajlo"]
[Result "1-0"]
[WhiteElo "2432"]
[BlackElo "2126"]
[PlyCount "91"]
[EventDate "2003.??.??"]
[Source "www.chesslib.no"]
[SourceDate "2004.05.04"]

1. d4 d5 2. c4 Nf6 3. cxd5 Nxd5 4. e4 Nf6 5. Nc3 e6 6. Nf3 Be7 7. Bd3 b6 8. O-O Bb7 9. Qe2 O-O 10. Rb1 Nbd7 11. b4 Rb8 12. Rd1 Qc8 13. Bg5 Re8 14. Rdc1 c6 15. h3 Nh5 16. Be3 Qd8 17. e5 g6 18. Ne4 b5 19. Qd2 Nb6 20. g4 Ng7 21. Bg5 Nd5 22. Bxe7 Qxe7 23. Qh6 f5 24. Neg5 Nh5 25. gxh5 Qg7 26. Qxg7+ Kxg7 27. hxg6 Nf4 28. Ne1 hxg6 29. Bf1 a6 30. Rb3 Rbd8 31. Rd1 Rd7 32. Ng2 Nd5 33. Be2 Kh6 34. h4 Rde7 35. Bf3 Nb6 36. Rc3 Kg7 37. Bxc6 Bxc6 38. Rxc6 Nd5 39. a3 Kh6 40. Rdc1 Kh5 41. f3 f4 42. Kf2 a5 43. bxa5 b4 44. axb4 Nxb4 45. Nxf4+ Kxh4 46. Ne4 1-0

[Event "Omis"]
[Site "?"]
[Date "2005.10.10"]
[Round "1.9"]
[White "Jankovic Alojzije"]
[Black "Bradaric Ratomir"]
[Result "1-0"]
[WhiteElo "2446"]
[BlackElo "2109"]
[PlyCount "67"]
[EventDate "2005.??.??"]
[Source "www.chesslib.no"]
[SourceDate "2004.05.04"]

1. d4 d5 2. c4 Nf6 3. cxd5 Qxd5 4. Nc3 Qd8 5. e4 a6 6. g3 e6 7. Bg2 Be7 8. Nge2 O-O 9. O-O Nc6 10. f4 Rb8 11. h3 Bb4 12. Be3 Ba5 13. Na4 b5 14. Nc5 Bb6 15. Rc1 Ne7 16. Qb3 Kh8 17. g4 Nd7 18. e5 Bxc5 19. dxc5 c6 20. Nc3 Nd5 21. Bd4 f5 22. Nxd5 exd5 23. Qd3 fxg4 24. hxg4 Qh4 25. Qh3 Qxh3 26. Bxh3 Re8 27. g5 Kg8 28. e6 Nf8 29. f5 Rb7 30. Rce1 g6 31. e7 gxf5 32. exf8=Q+ Rxf8 33. Kf2 Rbf7 34. Kf3 1-0

[Event "Chigorin mem"]
[Site "St Petersburg"]
[Date "1999.11.03"]
[Round "2"]
[White "Kryschilovskij, Andrej"]
[Black "Vager, Igor"]
[Result "1-0"]
[WhiteElo "2343"]
[BlackElo "2209"]
[PlyCount "47"]
[EventDate "1999.11.02"]
[Source "ChessBase"]
[SourceDate "2000.02.01"]

1. d4 d5 2. c4 Nf6 3. cxd5 Nxd5 4. e4 Nf6 5. Nc3 e6 6. Nf3 Be7 7. Bd3 O-O 8. Qe2 c5 9. dxc5 Nbd7 10. O-O e5 11. Rd1 Bxc5 12. Bg5 a6 13. Bc4 Qc7 14. Rac1 b5 15. Nd5 Qa7 16. Bb3 Ng4 17. Bh4 Ndf6 18. h3 Nh5 19. hxg4 Bxg4 20. Rxc5 Qxc5 21. Be7 Nf4 22. Qd2 Qa7 23. Bxf8 Nxd5 24. Bxg7 1-0

[Event "Belgrade Open"]
[Site "Belgrade SCG"]
[Date "1989.??.??"]
[Round "3"]
[White "Pavlovic, Slobodan"]
[Black "Vujovic, Predrag"]
[Result "1-0"]
[WhiteElo "2300"]
[BlackElo "2245"]
[PlyCount "141"]
[EventDate "1989.11.??"]
[Source "www.chesslib.no"]
[SourceDate "2004.05.04"]

1. d4 d5 2. c4 Nf6 3. cxd5 Nxd5 4. e4 Nf6 5. Nc3 e5 6. d5 c6 7. Nf3 Bb4 8. Bg5 Qa5 9. Bxf6 Bxc3+ 10. bxc3 Qxc3+ 11. Nd2 gxf6 12. Rc1 Qa3 13. Bc4 Rg8 14. g3 Bg4 15. f3 Qe3+ 16. Be2 Bc8 17. Nc4 Qc5 18. Qd2 Qd4 19. Qh6 Nd7 20. dxc6 bxc6 21. Rd1 Qc3+ 22. Kf2 Ke7 23. Rd3 Qb4 24. Rhd1 Nb6 25. Nd6 Be6 26. Qc1 Na4 27. Qxc6 Qb6+ 28. Qxb6 axb6 29. Nf5+ Bxf5 30. exf5 Nc5 31. R3d2 Rab8 32. Ke3 Rgc8 33. Rb1 Na4 34. Rb4 Nc3 35. Bc4 Rc5 36. Rd3 Rbc8 37. Rxc3 b5 38. Kd3 Rd8+ 39. Kc2 bxc4 40. Rcxc4 Rcd5 41. Rb7+ Ke8 42. a4 Rd1 43. Kb2 R8d2+ 44. Rc2 Rd8 45. a5 R1d6 46. Kb3 Rd3+ 47. Rc3 Rd1 48. a6 Ra8 49. Rcc7 Rxa6 50. Rc8+ Rd8 51. Rxd8+ Kxd8 52. Rxf7 Ke8 53. Rxh7 Kf8 54. Kc4 Rd6 55. g4 Rd4+ 56. Kc5 Rd3 57. Kc4 Rxf3 58. Kd5 Ra3 59. Rc7 Ra5+ 60. Rc5 Ra3 61. h4 Kf7 62. Rc7+ Kg8 63. g5 Rd3+ 64. Ke6 fxg5 65. hxg5 e4 66. g6 e3 67. Kf6 Rd6+ 68. Kg5 Kf8 69. f6 Re6 70. Rc8+ Re8 71. g7+ 1-0

[Event "Chigorin Mem, St Petersburg RUS"]
[Site "?"]
[Date "2000.??.??"]
[Round "8"]
[White "Weetik, V."]
[Black "Vager, I."]
[Result "1-0"]
[WhiteElo "2365"]
[BlackElo "2170"]
[PlyCount "61"]
[EventDate "2000.??.??"]
[Source "www.chesslib.no"]
[SourceDate "2004.05.04"]

1. d4 d5 2. c4 Nf6 3. cxd5 Nxd5 4. e4 Nf6 5. Nc3 c6 6. h3 e6 7. Nf3 Be7 8. Bd3 O-O 9. O-O Nbd7 10. Qe2 Re8 11. Rd1 Nf8 12. Be3 b6 13. Rac1 Bb7 14. Bb1 Rc8 15. Ne5 N6d7 16. f4 Qc7 17. Nxd7 Qxd7 18. e5 f5 19. a3 Red8 20. Ba2 Kh8 21. Rd2 b5 22. Rcd1 b4 23. Na4 bxa3 24. Nc5 Bxc5 25. dxc5 Qc7 26. bxa3 g5 27. Rd6 gxf4 28. Bxf4 Rxd6 29. exd6 Qf7 30. d7 Rd8 31. Qb2+ 1-0

[Event "CZE-ch opA U18"]
[Site "?"]
[Date "2002.??.??"]
[Round "3"]
[White "Berezjuk Sergej"]
[Black "Kriz Lubos"]
[Result "1-0"]
[WhiteElo "2429"]
[BlackElo "2099"]
[PlyCount "33"]
[EventDate "2002.??.??"]
[Source "www.chesslib.no"]
[SourceDate "2004.05.04"]

1. d4 d5 2. c4 Nf6 3. cxd5 Qxd5 4. Nc3 Qa5 5. Nf3 Ne4 6. Qc2 Nxc3 7. bxc3 Bf5 8. e4 Bxe4 9. Qxe4 Qxc3+ 10. Kd1 Nc6 11. Rb1 O-O-O 12. Bd2 Qa3 13. Qf5+ Rd7 14. Qxf7 Nxd4 15. Nxd4 Rxd4 16. Qe6+ Rd7 17. Bb5 1-0